| 000 | 00929nam a22002777a 4500 | ||
|---|---|---|---|
| 001 | 8391 | ||
| 003 | FISKH | ||
| 005 | 20250910140126.0 | ||
| 008 | 250910b cb ||||| |||| 00| 0 eng d | ||
| 020 | _a033500113239 | ||
| 040 |
_aFISKH _beng _cFISKH _dFISKH |
||
| 050 | _aQL706 .D44 | ||
| 082 | _a599 | ||
| 100 | _aFord, Deborah De | ||
| 245 |
_a I wonder why skunks are so smelly, and other neat facts about mammals / _cBy Deborah De Ford : Illustrated by Pedro Julio Gonzalez |
||
| 260 |
_aNew York : _bA Golden Book , _c1992. |
||
| 300 |
_a32 pages : _bcolor illustrations ; _c27 cm . |
||
| 505 | _aN | ||
| 520 | _aAmazing but true facts about the wide variety of mammals. | ||
| 521 | 8 |
_a580
_bLexile estimate |
|
| 521 | 8 |
_aN
_bRaz-Plus |
|
| 650 |
_aQuestions and answers _vNon-fiction |
||
| 650 |
_aAnteater _vNon-fiction |
||
| 700 |
_aGonzalez, Pedro Julio _eIllustrator |
||
| 942 |
_2ddc _cBK _n0 |
||
| 999 |
_c8391 _d8391 |
||